000 00444ntaaa2200181 4500
003 01
005 20251027202406.0
008 0714s1973 ag 01
040 _aAR-BaBN
_bspa
_cAR-BaBN
_eaacr
_dRIC
082 _a284.0000 G19
100 _aGarrison, Winfred Ernest
_922639
245 _aA protestant manifesto
250 _a1 ed.
260 _aNew York :
_bAbingdon,
_cc1952
300 _a207 p
650 _aprotestantismo
_9315
942 _cBK
999 _c18817
_d18817